000 00326nam a2200145Ia 4500
008 210210b1939 xxu||||| |||| 00| 0 eng d
041 _aeng
082 _a444/547
100 _aSOSCOUET (R)
245 _aNandram
260 _aMangalore
_bKodialbail press
_c1939
650 _aNandram
690 _aFrench
906 _a006741
999 _c129733
_d129733